La epidemia de influenza española en Guadalajara y otros pueblos de Jalisco (1918-1919) /

Bibliographic Details
Main Authors: Peregrina, Angélica (Author), Loza, Carlos Humberto (Author)
Format: Electronic eBook
Language:Spanish
Published: Zapopan, Jalisco : El Colegio de Jalisco, [2020]
Series:Colección Jalisco ante el COVID-19 ; 1.
Subjects:
Online Access:Digitalia Hispánica

MARC

LEADER 00000nam a2200000Ii 4500
001 DIGCOJAL0026
003 NyNyDIG
006 m o d
007 cr |||||||||||
008 250404s2020 mx a o 000 0 spa d
035 |a (OCoLC)1513491882 
040 |a DGITA  |b eng  |e rda  |e pn  |c DGITA 
020 |z 9786078657667 
043 |a n-mx--- 
050 1 4 |a RC150.55.M62 ebook 
100 1 |a Peregrina, Angélica,  |e author. 
245 1 3 |a La epidemia de influenza española en Guadalajara y otros pueblos de Jalisco (1918-1919) /  |c Angélica Peregrina, Carlos H. Loza. 
264 1 |a Zapopan, Jalisco :  |b El Colegio de Jalisco,  |c [2020] 
300 |a 1 online resource :  |b ilustrations. 
336 |a text  |b txt  |2 rdacontent 
337 |a computer  |b c  |2 rdamedia 
338 |a online resource  |b cr  |2 rdacarrier 
347 |a text file  |2 rdaft 
347 |b PDF 
490 1 |a Colección Jalisco ante el COVID-19: problemas, retos y propuestas ;  |v 1 
588 0 |a Online resource; title from PDF title page (Digitalia, viewed April 4, 2025) 
650 0 |a Influenza Epidemic, 1918-1919. 
650 0 |a Influenza Epidemic, 1918-1919  |z Mexico  |z Guadalajara. 
650 0 |a Epidemics  |z Mexico  |z Guadalajara  |x History  |y 20th century. 
700 1 |a Loza, Carlos Humberto,  |e author. 
791 2 |a Digitalia (Firm),  |e distributor. 
793 0 |g Digitalia eBook Collection:  |a El Colegio de Jalisco 
776 0 8 |i Print version:  |a Peregrina, Angélica.  |t Epidemia de influenza española en Guadalajara y otros pueblos de Jalisco (1918-1919).  |b Primera edición.  |d Zapopan, Jalisco : El Colegio de Jalisco, 2020  |z 9786078657667 
830 0 |a Colección Jalisco ante el COVID-19 ;  |v 1. 
856 4 0 |3 Digitalia Hispánica  |u https://www.digitaliapublishing.com/a/172188/ 
910 |a Premium collection: 2025